[Event "Antioquia Region-ch C"]
[Site "Medellin"]
[Date "2011.??.??"]
[Round "6.18"]
[White "Vergara, Carlos"]
[Black "Arboleda Tamayo, Daniel"]
[Result "1-0"]
[WhiteElo "1639"]
[BlackElo "1559"]
[PlyCount "37"]
[EventDate "2011.03.03"]
[EventType "swiss"]
[EventRounds "7"]
[EventCountry "COL"]
[SourceTitle "EXT 2024"]
[Source "ChessBase"]
[SourceDate "2023.10.10"]
[SourceVersion "1"]
[SourceVersionDate "2023.10.10"]
[SourceQuality "1"]

1. e4 c6 2. Nc3 d5 3. exd5 cxd5 4. d4 Bf5 5. h3 Nc6 6. Nf3 e6 7. Bb5 Qc7 8. 0-0 Bd6 9. Re1 Nge7 10. Ne5 Bxe5 11. Rxe5 a6 12. Bxc6+ Nxc6 13. Re2 0-0-0 14. Na4 g5 15. Qd2 Rhg8 16. b4 Qf4 17. Qxf4 gxf4 18. Bxf4 Nxd4 19. Nb6# 1-0